[Event "41 Abierto Ciudad de Sevilla 2016"]
[Site "Sevilla ESP"]
[Date "2016.01.09"]
[Round "2.6"]
[White "Barrera Martinez, Francisco"]
[Black "Hoffman, Alejandro"]
[Result "1/2-1/2"]
[WhiteElo "2028"]
[BlackElo "2476"]
[PlyCount "73"]
[EventDate "2016.01.08"]
[EventType "swiss"]
[EventRounds "9"]
[EventCountry "ESP"]
[Source "lmi"]
[SourceDate "2016.01.08"]

1. d4 Nf6 2. c4 c5 3. d5 g6 4. Nc3 d6 5. e4 Bg7 6. Bd3 O-O 7. h3 Na6 8. Nf3 Nc7
9. O-O e5 10. dxe6 Nxe6 11. Be3 Bd7 12. Qd2 Re8 13. Rfd1 Qb6 14. Rab1 a5 15.
Bc2 Bc6 16. Nd5 Qa6 17. b3 Bxd5 18. exd5 Nf8 19. a4 N6d7 20. Bf4 Ne5 21. Nxe5
Bxe5 22. Bxe5 Rxe5 23. Re1 Rae8 24. Rxe5 dxe5 25. Re1 f6 26. Qh6 Qd6 27. Re3 b6
28. h4 Qe7 29. Rg3 Rd8 30. h5 g5 31. Bf5 Rd6 32. Rg4 Qg7 33. Qxg7+ Kxg7 34. Re4
Nd7 35. Bxd7 Rxd7 36. g4 Kf7 37. Kg2 1/2-1/2

[Event "41 Abierto Ciudad de Sevilla 2016"]
[Site "Sevilla ESP"]
[Date "2016.01.09"]
[Round "2.7"]
[White "Fernandez Romero, Ernesto"]
[Black "De Dios Ortega, Juan Manuel"]
[Result "1-0"]
[WhiteElo "2475"]
[BlackElo "2034"]
[PlyCount "79"]
[EventDate "2016.01.08"]
[EventType "swiss"]
[EventRounds "9"]
[EventCountry "ESP"]
[Source "lmi"]
[SourceDate "2016.01.08"]

1. e4 d6 2. Bc4 Nf6 3. d3 e6 4. Bb3 c5 5. f4 Nc6 6. Nf3 Be7 7. O-O O-O 8. Kh1
b5 9. a4 Na5 10. Ba2 b4 11. Nbd2 d5 12. e5 Nd7 13. Nb3 Nxb3 14. Bxb3 Ba6 15. c4
bxc3 16. bxc3 c4 17. dxc4 Nc5 18. Bc2 Bxc4 19. Re1 Qa5 20. Nd4 Rfc8 21. f5 Ne4
22. Be3 Qc7 23. fxe6 fxe6 24. Bxe4 dxe4 25. Bf4 Rf8 26. Qg4 Rf7 27. Bg3 Raf8
28. h3 Qd7 29. Qxe4 Bd5 30. Qe2 Bc5 31. Kh2 Bxd4 32. cxd4 Bc6 33. Qc4 Rb8 34.
Rab1 Rxb1 35. Rxb1 Bxa4 36. d5 Re7 37. Rb8+ Kf7 38. Qf4+ Kg6 39. Qg4+ Kf7 40.
Qh5+ 1-0

[Event "41 Abierto Ciudad de Sevilla 2016"]
[Site "Sevilla ESP"]
[Date "2016.01.09"]
[Round "2.8"]
[White "Ballon, Guenther"]
[Black "Lei, Tingjie"]
[Result "0-1"]
[WhiteElo "2021"]
[BlackElo "2474"]
[PlyCount "84"]
[EventDate "2016.01.08"]
[EventType "swiss"]
[EventRounds "9"]
[EventCountry "ESP"]
[Source "lmi"]
[SourceDate "2016.01.08"]

1. d4 Nf6 2. c4 g6 3. Nc3 d5 4. Bf4 Bg7 5. e3 c6 6. h3 O-O 7. Nf3 c5 8. dxc5
Ne4 9. Rc1 Nd7 10. cxd5 Qa5 11. Be2 Nxc3 12. bxc3 Bxc3+ 13. Kf1 Nxc5 14. Qc2
Bb4 15. Nd4 Bd7 16. Kg1 Rac8 17. Qb1 Na4 18. Rxc8 Bxc8 19. Bf3 Rd8 20. Qb3 Nc3
21. Qc4 Qc5 22. Qxc5 Bxc5 23. Nb3 Bb6 24. Kh2 Nxd5 25. Be5 Nb4 26. a4 a5 27. g4
Be6 28. Nd4 Bd5 29. Bxd5 Rxd5 30. Nf3 f6 31. Bg3 Kf7 32. Rc1 Rc5 33. Rxc5 Bxc5
34. Bc7 b6 35. Nd2 Nd5 36. Bb8 Nc3 37. Nc4 Nxa4 38. Kg2 Ke6 39. e4 Kd7 40. Bf4
Nc3 41. f3 a4 42. Nd2 Nb5 0-1

[Event "41 Abierto Ciudad de Sevilla 2016"]
[Site "Sevilla ESP"]
[Date "2016.01.09"]
[Round "2.9"]
[White "Campora Sivori, Daniel"]
[Black "Fernandez Ruiz, Manuel Alejand"]
[Result "1-0"]
[WhiteElo "2466"]
[BlackElo "2025"]
[PlyCount "53"]
[EventDate "2016.01.08"]
[EventType "swiss"]
[EventRounds "9"]
[EventCountry "ESP"]
[Source "lmi"]
[SourceDate "2016.01.08"]

1. d4 Nf6 2. c4 c5 3. d5 e6 4. Nc3 exd5 5. cxd5 d6 6. Nf3 g6 7. Bf4 a6 8. e4
Bg7 9. Qa4+ Bd7 10. Qb3 Qc7 11. e5 Nh5 12. exd6 Qc8 13. Be3 O-O 14. Be2 b5 15.
O-O c4 16. Qc2 Bf5 17. Qd2 Nf6 18. Nd4 Be4 19. Bh6 Qd7 20. Bxg7 Kxg7 21. Qf4
Re8 22. Rfe1 b4 23. Ne6+ fxe6 24. Nxe4 Nxe4 25. Qxe4 Qxd6 26. dxe6 Ra7 27. Bxc4
1-0

[Event "41 Abierto Ciudad de Sevilla 2016"]
[Site "Sevilla ESP"]
[Date "2016.01.09"]
[Round "2.10"]
[White "Callejas Rojas, Francisco Migu"]
[Black "Xu, Xiangyu"]
[Result "1/2-1/2"]
[WhiteElo "2008"]
[BlackElo "2466"]
[PlyCount "45"]
[EventDate "2016.01.08"]
[EventType "swiss"]
[EventRounds "9"]
[EventCountry "ESP"]
[Source "lmi"]
[SourceDate "2016.01.08"]

1. d4 Nf6 2. c4 g6 3. Nc3 d5 4. cxd5 Nxd5 5. e4 Nxc3 6. bxc3 Bg7 7. Nf3 c5 8.
Be3 Qa5 9. Qd2 O-O 10. Rc1 cxd4 11. cxd4 Qxd2+ 12. Nxd2 e6 13. Bc4 Nc6 14. d5
exd5 15. exd5 Ne5 16. O-O b6 17. Rfd1 Rd8 18. Bb3 Nd3 19. Rc7 Nb2 20. Rdc1 Nd3
21. Rd1 Nb2 22. Rdc1 Nd3 23. Rd1 1/2-1/2

[Event "41 Abierto Ciudad de Sevilla 2016"]
[Site "Sevilla ESP"]
[Date "2016.01.09"]
[Round "2.11"]
[White "Perez Mitjans, Orelvis"]
[Black "Borondo Garcia, Raul"]
[Result "1-0"]
[WhiteElo "2455"]
[BlackElo "2024"]
[PlyCount "83"]
[EventDate "2016.01.08"]
[EventType "swiss"]
[EventRounds "9"]
[EventCountry "ESP"]
[Source "lmi"]
[SourceDate "2016.01.08"]

1. e4 c5 2. Nf3 d6 3. d4 cxd4 4. Nxd4 Nf6 5. f3 a6 6. c4 e5 7. Nc2 Be6 8. Nc3
Nbd7 9. Be2 Rc8 10. Ne3 h5 11. O-O Qb6 12. Rf2 h4 13. Bf1 g6 14. Ncd5 Bxd5 15.
cxd5 Qa7 16. a4 Ke7 17. Nc4 Bh6 18. Bxh6 Rxh6 19. Qd2 Rhh8 20. Qb4 Rc5 21. a5
Rhc8 22. b3 g5 23. Qd2 g4 24. Qe3 g3 25. Rd2 Qb8 26. h3 Nh5 27. Qg5+ Ndf6 28.
Ne3 Rg8 29. Nf5+ Kd7 30. Qe3 Qc7 31. b4 Rc3 32. Qa7 Rc8 33. b5 axb5 34. a6 Nf4
35. axb7 Rb8 36. Bxb5+ Kd8 37. Bc6 Nd7 38. Nxh4 Ke7 39. Nf5+ Kf6 40. Nxg3 Rg8
41. Kh2 Nb8 42. Qa5 1-0

[Event "41 Abierto Ciudad de Sevilla 2016"]
[Site "Sevilla ESP"]
[Date "2016.01.09"]
[Round "2.12"]
[White "Martin Rengel, Jose Maria"]
[Black "Paunovic, Dragan"]
[Result "0-1"]
[WhiteElo "2003"]
[BlackElo "2432"]
[PlyCount "66"]
[EventDate "2016.01.08"]
[EventType "swiss"]
[EventRounds "9"]
[EventCountry "ESP"]
[Source "lmi"]
[SourceDate "2016.01.08"]

1. e4 c5 2. Nf3 e6 3. d4 cxd4 4. Nxd4 a6 5. Bd3 d6 6. c4 g6 7. Nc3 Bg7 8. Be3
Nf6 9. O-O O-O 10. Qd2 Ng4 11. Bg5 Qc7 12. Nf3 Nc6 13. Rac1 Re8 14. h3 Nge5 15.
Nxe5 dxe5 16. Rfd1 Nd4 17. h4 b6 18. h5 gxh5 19. Bh6 f6 20. Na4 Bd7 21. Bxg7
Kxg7 22. Qb4 Bxa4 23. Qxa4 Kh8 24. Bf1 Rg8 25. Rd3 Rg4 26. Re1 Rag8 27. Qd1 h4
28. Rh3 Qg7 29. Rh2 h3 30. g3 Rxg3+ 31. fxg3 Qxg3+ 32. Rg2 hxg2 33. Be2 Qe3+
0-1

[Event "41 Abierto Ciudad de Sevilla 2016"]
[Site "Sevilla ESP"]
[Date "2016.01.09"]
[Round "2.13"]
[White "Santos Ruiz, Miguel"]
[Black "Ramirez Guerrero, Enrique"]
[Result "1/2-1/2"]
[WhiteElo "2427"]
[BlackElo "2010"]
[PlyCount "61"]
[EventDate "2016.01.08"]
[EventType "swiss"]
[EventRounds "9"]
[EventCountry "ESP"]
[Source "lmi"]
[SourceDate "2016.01.08"]

1. e4 Nf6 2. e5 Ng8 3. d4 d6 4. Nf3 dxe5 5. Nxe5 Nd7 6. Nf3 Ngf6 7. Be2 e6 8.
O-O Be7 9. c4 O-O 10. Nc3 b6 11. Be3 Bb7 12. Qc2 Re8 13. Rad1 Nf8 14. Ne5 Ng6
15. Bf3 Bxf3 16. Nxf3 c6 17. d5 cxd5 18. cxd5 exd5 19. Qb3 Qc7 20. Nxd5 Nxd5
21. Rxd5 Rad8 22. Rc1 Qb7 23. Rxd8 Rxd8 24. Qa4 h6 25. h3 a6 26. b3 b5 27. Qa5
Rc8 28. Rxc8+ Qxc8 29. Qb6 Nf8 30. Nd4 Bc5 31. Qc6 1/2-1/2

[Event "41 Abierto Ciudad de Sevilla 2016"]
[Site "Sevilla ESP"]
[Date "2016.01.09"]
[Round "2.14"]
[White "Morais, Vitor"]
[Black "Teran Alvarez, Ismael"]
[Result "0-1"]
[WhiteElo "1994"]
[BlackElo "2416"]
[PlyCount "42"]
[EventDate "2016.01.08"]
[EventType "swiss"]
[EventRounds "9"]
[EventCountry "ESP"]
[Source "lmi"]
[SourceDate "2016.01.08"]

1. b3 e5 2. Bb2 Nc6 3. e3 Nf6 4. Bb5 Bd6 5. Nf3 e4 6. Nd4 Nxd4 7. Bxd4 O-O 8.
O-O c5 9. Bb2 Bc7 10. Be2 d5 11. d3 Qd6 12. g3 Bh3 13. Re1 Qe6 14. Nd2 Rad8 15.
d4 Ba5 16. c3 cxd4 17. exd4 Ng4 18. Bf1 Qh6 19. Bxh3 Qxh3 20. Nf1 f5 21. f3 f4
0-1

[Event "41 Abierto Ciudad de Sevilla 2016"]
[Site "Sevilla ESP"]
[Date "2016.01.09"]
[Round "2.15"]
[White "Granero Roca, Antonio"]
[Black "Ataide Molina, Jose Maria"]
[Result "1-0"]
[WhiteElo "2410"]
[BlackElo "2007"]
[PlyCount "107"]
[EventDate "2016.01.08"]
[EventType "swiss"]
[EventRounds "9"]
[EventCountry "ESP"]
[Source "lmi"]
[SourceDate "2016.01.08"]

1. d4 d6 2. Nf3 Bg4 3. c4 Nd7 4. Nc3 e5 5. d5 Be7 6. e3 a5 7. Be2 Ngf6 8. O-O
Nc5 9. Ne1 Bxe2 10. Qxe2 O-O 11. e4 Nfd7 12. Nc2 Bg5 13. Ne3 g6 14. Bd2 Bf6 15.
b3 Bg7 16. Rab1 Nf6 17. Nc2 Qd7 18. a3 Nh5 19. g3 Qh3 20. f3 f5 21. Qg2 Qxg2+
22. Kxg2 Nf6 23. exf5 gxf5 24. Nb5 Rf7 25. Be3 b6 26. b4 Na4 27. Bd2 h5 28. Ne3
Ne8 29. Nd1 Kh7 30. Ndc3 axb4 31. axb4 Nxc3 32. Bxc3 Ra2+ 33. Rb2 Rxb2+ 34.
Bxb2 Kg6 35. Ra1 Re7 36. Kf2 e4 37. Bxg7 Kxg7 38. Nd4 Kf6 39. f4 Ng7 40. Ke3
Kg6 41. Ra8 Kf7 42. Rc8 Rd7 43. Nc6 Kg6 44. Nb8 Re7 45. Na6 Ne8 46. Nb8 Nf6 47.
Nc6 Rh7 48. h4 Rd7 49. Nd4 Ng4+ 50. Ke2 c5 51. dxc6 Ra7 52. c7 Ra2+ 53. Ke1
Ra1+ 54. Kd2 1-0

[Event "41 Abierto Ciudad de Sevilla 2016"]
[Site "Sevilla ESP"]
[Date "2016.01.09"]
[Round "2.16"]
[White "Vela Ignacio*, Jose Manuel"]
[Black "Satyapragyan, Swayangsu"]
[Result "0-1"]
[WhiteElo "1986"]
[BlackElo "2410"]
[PlyCount "49"]
[EventDate "2016.01.08"]
[EventType "swiss"]
[EventRounds "9"]
[EventCountry "ESP"]
[Source "lmi"]
[SourceDate "2016.01.08"]

1. f4 g6 2. Nf3 Bg7 3. e3 d6 4. d4 Nf6 5. c4 c5 6. Nc3 cxd4 7. exd4 O-O 8. Be2
d5 9. O-O dxc4 10. Bxc4 Nc6 11. d5 Na5 12. Be2 Bg4 13. Be3 Rc8 14. Rc1 a6 15.
h3 Bxf3 16. Bxf3 Nc4 17. Qe2 Nxe3 18. Qxe3 Qd6 19. Rcd1 Rc4 20. g3 Rfc8 21.
Rfe1 R8c7 22. Re2 Rb4 23. Qa7 h5 24. Rde1 h4 25. a3 0-1

[Event "41 Abierto Ciudad de Sevilla 2016"]
[Site "Sevilla ESP"]
[Date "2016.01.09"]
[Round "2.17"]
[White "Sarkar, Justin"]
[Black "Gimenez Iturralde, Daniel"]
[Result "1-0"]
[WhiteElo "2407"]
[BlackElo "1994"]
[PlyCount "81"]
[EventDate "2016.01.08"]
[EventType "swiss"]
[EventRounds "9"]
[EventCountry "ESP"]
[Source "lmi"]
[SourceDate "2016.01.08"]

1. d4 g6 2. e4 Bg7 3. Nf3 d6 4. Bc4 Nf6 5. Qe2 O-O 6. O-O a6 7. e5 Ne8 8. h3 d5
9. Bd3 h6 10. Be3 Be6 11. Qd2 Kh7 12. Nc3 c5 13. dxc5 Nc6 14. Na4 Qc7 15. Rae1
Nxe5 16. Nxe5 Bxe5 17. Bxh6 Rh8 18. c3 Ng7 19. Qe3 Bf6 20. Nb6 Rad8 21. Bf4 Qc6
22. b4 Nf5 23. Qd2 Kg8 24. Be5 Nh4 25. Bxf6 exf6 26. Qf4 Kg7 27. Bc2 g5 28. Qg3
Nf5 29. Bxf5 Bxf5 30. Re7 d4 31. f4 Rh4 32. cxd4 Rxd4 33. Qc3 Bxh3 34. gxh3 Rd8
35. Qf3 Qxf3 36. Rxf3 Rd2 37. Rxb7 g4 38. Rg3 Rxh3 39. Rxh3 gxh3 40. c6 Kg6 41.
c7 1-0

[Event "41 Abierto Ciudad de Sevilla 2016"]
[Site "Sevilla ESP"]
[Date "2016.01.09"]
[Round "2.18"]
[White "Rios Gallardo, Guillermo"]
[Black "Komljenovic, Davor"]
[Result "0-1"]
[WhiteElo "1980"]
[BlackElo "2394"]
[PlyCount "61"]
[EventDate "2016.01.08"]
[EventType "swiss"]
[EventRounds "9"]
[EventCountry "ESP"]
[Source "lmi"]
[SourceDate "2016.01.08"]

1. e4 c5 2. d4 cxd4 3. c3 dxc3 4. Nxc3 e6 5. Nf3 a6 6. Bf4 Nc6 7. Bd3 d6 8. O-O
Be7 9. Rc1 Nf6 10. Qe2 O-O 11. Rfd1 e5 12. Bg5 Bg4 13. Qe3 Nd4 14. Nxd4 exd4
15. Qxd4 Bxd1 16. Rxd1 Qa5 17. Bf4 Rfd8 18. Bc4 Qc5 19. Qd3 Rac8 20. Bd5 Nxd5
21. Nxd5 Bf8 22. h4 Qc2 23. Qf3 Re8 24. Re1 Qxb2 25. h5 f5 26. h6 fxe4 27. Qg4
Kh8 28. Qf5 Kg8 29. Qg4 Rc5 30. Qd7 Qb4 31. Nf6+ 0-1

[Event "41 Abierto Ciudad de Sevilla 2016"]
[Site "Sevilla ESP"]
[Date "2016.01.09"]
[Round "2.19"]
[White "Montero Melendez, Rafael"]
[Black "Castillo Lanciego, Fernando"]
[Result "1-0"]
[WhiteElo "2373"]
[BlackElo "1979"]
[PlyCount "80"]
[EventDate "2016.01.08"]
[EventType "swiss"]
[EventRounds "9"]
[EventCountry "ESP"]
[Source "lmi"]
[SourceDate "2016.01.08"]

1. c4 c5 2. g3 Nf6 3. Bg2 Nc6 4. Nc3 g6 5. Nf3 Bg7 6. d4 cxd4 7. Nxd4 Nxd4 8.
Qxd4 O-O 9. O-O d6 10. Qd3 Re8 11. Bd2 Bd7 12. Rac1 Bc6 13. e4 Qb6 14. b3 Rad8
15. Nd5 Nxd5 16. exd5 Bd7 17. Be3 Qa5 18. a4 Bf5 19. Qe2 b6 20. Bd2 Qa6 21. g4
Bd7 22. h3 Qc8 23. a5 e6 24. dxe6 Bxe6 25. Qd3 Qb8 26. Rfe1 h6 27. Bf4 Bf8 28.
axb6 Qxb6 29. Be3 Qb8 30. Ra1 Re7 31. Ra6 Bc8 32. Ra5 a6 33. c5 Re5 34. Bf4 Re6
35. c6 Qb6 36. Ra2 Bg7 37. Be3 Qc7 38. Bd5 Re5 39. Bf4 Ree8 40. Qxg6 Be6 1-0

[Event "41 Abierto Ciudad de Sevilla 2016"]
[Site "Sevilla ESP"]
[Date "2016.01.09"]
[Round "2.20"]
[White "Ladron De Guevara Pinto, Paolo"]
[Black "Carruana Fuentes, Rafael"]
[Result "1-0"]
[WhiteElo "2348"]
[BlackElo "1974"]
[PlyCount "37"]
[EventDate "2016.01.08"]
[EventType "swiss"]
[EventRounds "9"]
[EventCountry "ESP"]
[Source "lmi"]
[SourceDate "2016.01.08"]

1. e4 e5 2. Nf3 Nc6 3. Bb5 a6 4. Bxc6 dxc6 5. O-O f6 6. d4 Bg4 7. c3 Bd6 8. h3
Bh5 9. Nbd2 Ne7 10. Qb3 Rb8 11. dxe5 Bxe5 12. Nxe5 fxe5 13. Nc4 Bf7 14. Rd1 Qc8
15. Bg5 Qe6 16. Qb4 Ng6 17. Ne3 h6 18. Nf5 Rg8 19. Qxb7 1-0

[Event "41 Abierto Ciudad de Sevilla 2016"]
[Site "Sevilla ESP"]
[Date "2016.01.10"]
[Round "3.1"]
[White "Vorobiov, Evgeny E"]
[Black "Silva Lucena, Cristian"]
[Result "1-0"]
[WhiteElo "2572"]
[BlackElo "2220"]
[PlyCount "69"]
[EventDate "2016.01.08"]
[EventType "swiss"]
[EventRounds "9"]
[EventCountry "ESP"]
[Source "lmi"]
[SourceDate "2016.01.08"]

1. d4 d5 2. c4 e6 3. Nf3 c6 4. e3 f5 5. Bd3 Nf6 6. O-O Bd6 7. b3 Qe7 8. Bb2 O-O
9. Qc1 Na6 10. Ba3 Bxa3 11. Nxa3 Nb4 12. Be2 Bd7 13. Nb1 Na6 14. Nbd2 Nc7 15.
Ne5 Be8 16. Qc2 Kh8 17. a3 g5 18. Rfc1 h5 19. b4 g4 20. b5 Qg7 21. bxc6 bxc6
22. Rab1 Rg8 23. g3 Qh6 24. Rb7 Rg7 25. Bf1 h4 26. Bg2 hxg3 27. hxg3 Rh7 28.
Rcb1 Qh2+ 29. Kf1 dxc4 30. Qxc4 Nfd5 31. Qc5 Kg8 32. Qd6 Qh6 33. R1b3 Nb5 34.
R3xb5 cxb5 35. Bxd5 1-0

[Event "41 Abierto Ciudad de Sevilla 2016"]
[Site "Sevilla ESP"]
[Date "2016.01.10"]
[Round "3.2"]
[White "Sgnaolin, Davide"]
[Black "Kogan, Arthur"]
[Result "0-1"]
[WhiteElo "2257"]
[BlackElo "2540"]
[PlyCount "36"]
[EventDate "2016.01.08"]
[EventType "swiss"]
[EventRounds "9"]
[EventCountry "ESP"]
[Source "lmi"]
[SourceDate "2016.01.08"]

1. e4 e6 2. d4 d5 3. Nd2 a6 4. Ngf3 c5 5. exd5 exd5 6. c3 Nc6 7. dxc5 Bxc5 8.
Nb3 Bb6 9. Nbd4 Nf6 10. Bd3 O-O 11. O-O Bg4 12. h3 Bh5 13. Qb3 Ne4 14. Be3 Na5
15. Qc2 Re8 16. Rfe1 Rc8 17. Nd2 Bg6 18. f3 Nxc3 0-1

[Event "41 Abierto Ciudad de Sevilla 2016"]
[Site "Sevilla ESP"]
[Date "2016.01.10"]
[Round "3.3"]
[White "Burmakin, Vladimir"]
[Black "Medina Carrasco, Santiago"]
[Result "1-0"]
[WhiteElo "2539"]
[BlackElo "2165"]
[PlyCount "67"]
[EventDate "2016.01.08"]
[EventType "swiss"]
[EventRounds "9"]
[EventCountry "ESP"]
[Source "lmi"]
[SourceDate "2016.01.08"]

1. Nf3 Nf6 2. g3 g6 3. b3 Bg7 4. Bb2 O-O 5. Bg2 d5 6. c4 c6 7. O-O Nbd7 8. Qc2
e6 9. Nc3 b6 10. Rac1 Bb7 11. cxd5 exd5 12. d4 Re8 13. Rfd1 Qe7 14. e3 Bh6 15.
h3 Bg7 16. Ne5 Nxe5 17. dxe5 Nd7 18. e4 d4 19. Rxd4 Nxe5 20. Rdd1 g5 21. Ne2
Qf6 22. Nd4 c5 23. Nf5 Nf3+ 24. Bxf3 Qxb2 25. Nd6 Qf6 26. Bg2 Ba6 27. Nxe8 Rxe8
28. Rd7 Bb5 29. Rxa7 Qd6 30. e5 Bxe5 31. Qf5 Qg6 32. Qxg6+ hxg6 33. Re1 Kf8 34.
Bd5 1-0

[Event "41 Abierto Ciudad de Sevilla 2016"]
[Site "Sevilla ESP"]
[Date "2016.01.10"]
[Round "3.4"]
[White "Perera Borrego, Mariela"]
[Black "Rizouk, Aimen"]
[Result "1-0"]
[WhiteElo "2173"]
[BlackElo "2511"]
[PlyCount "41"]
[EventDate "2016.01.08"]
[EventType "swiss"]
[EventRounds "9"]
[EventCountry "ESP"]
[Source "lmi"]
[SourceDate "2016.01.08"]

1. d4 Nf6 2. c4 e6 3. Nc3 Bb4 4. a3 Bxc3+ 5. bxc3 c5 6. e3 Nc6 7. Bd3 O-O 8.
Ne2 b6 9. e4 Ne8 10. Ng3 Ba6 11. O-O Na5 12. f4 Bxc4 13. Bxc4 Nxc4 14. f5 f6
15. Rf4 g5 16. fxg6 hxg6 17. Rg4 Kf7 18. Rxg6 d6 19. Bh6 Rh8 20. Qg4 Rh7 21.
Qh5 1-0

[Event "41 Abierto Ciudad de Sevilla 2016"]
[Site "Sevilla ESP"]
[Date "2016.01.10"]
[Round "3.5"]
[White "Sundararajan, Kidambi"]
[Black "Palacios Perez*, Manuel"]
[Result "1-0"]
[WhiteElo "2508"]
[BlackElo "2157"]
[PlyCount "63"]
[EventDate "2016.01.08"]
[EventType "swiss"]
[EventRounds "9"]
[EventCountry "ESP"]
[Source "lmi"]
[SourceDate "2016.01.08"]

1. d4 d5 2. Nf3 Nf6 3. c4 c6 4. e3 Bf5 5. Nc3 e6 6. Nh4 Be4 7. f3 Bg6 8. Qb3
Qc7 9. Bd2 Be7 10. O-O-O Qb6 11. Nxg6 Qxb3 12. axb3 hxg6 13. Be2 Nbd7 14. Kc2
O-O 15. g4 Rfd8 16. g5 Ne8 17. e4 dxc4 18. bxc4 e5 19. dxe5 Nxe5 20. f4 Nd7 21.
h4 Nf8 22. h5 Ne6 23. hxg6 Nd4+ 24. Kb1 fxg6 25. Bg4 Nc7 26. f5 Bd6 27. fxg6
Be5 28. Be3 Kf8 29. Nd5 Nxd5 30. exd5 c5 31. Bxd4 cxd4 32. Rde1 1-0

[Event "41 Abierto Ciudad de Sevilla 2016"]
[Site "Sevilla ESP"]
[Date "2016.01.10"]
[Round "3.6"]
[White "Aranaz Portugues, Jose Carlos"]
[Black "Fernandez Romero, Ernesto"]
[Result "0-1"]
[WhiteElo "2162"]
[BlackElo "2475"]
[PlyCount "92"]
[EventDate "2016.01.08"]
[EventType "swiss"]
[EventRounds "9"]
[EventCountry "ESP"]
[Source "lmi"]
[SourceDate "2016.01.08"]

1. d4 Nf6 2. Bg5 Ne4 3. Bf4 e6 4. f3 Bd6 5. Bxd6 Nxd6 6. e4 Nc6 7. c4 Qh4+ 8.
g3 Qh6 9. Qd2 Qxd2+ 10. Kxd2 Nxd4 11. c5 Nxf3+ 12. Nxf3 Nxe4+ 13. Ke3 Nxc5 14.
b4 Na4 15. Bb5 Nb6 16. Nc3 c6 17. Bd3 d5 18. Rhf1 O-O 19. h4 f6 20. Kd2 Re8 21.
Rae1 e5 22. Be2 Be6 23. a3 Rad8 24. h5 h6 25. Rh1 d4 26. Ne4 d3 27. Bd1 Nc4+
28. Kc1 b6 29. a4 a5 30. bxa5 Nxa5 31. Nfd2 b5 32. Nc5 Bf7 33. Rh4 f5 34. Rb4
e4 35. Re3 Re5 36. Ncb3 Nc4 37. Nxc4 bxc4 38. Nd2 c3 39. Nc4 Rc5 40. Bb3 d2+
41. Kd1 Bxh5+ 42. Re2 Bf7 43. g4 Kh7 44. g5 Bxc4 45. Bc2 Bxe2+ 46. Kxe2 d1=Q+
0-1

[Event "41 Abierto Ciudad de Sevilla 2016"]
[Site "Sevilla ESP"]
[Date "2016.01.10"]
[Round "3.7"]
[White "Lei, Tingjie"]
[Black "Mora Menezo, Jesus"]
[Result "1-0"]
[WhiteElo "2474"]
[BlackElo "2147"]
[PlyCount "77"]
[EventDate "2016.01.08"]
[EventType "swiss"]
[EventRounds "9"]
[EventCountry "ESP"]
[Source "lmi"]
[SourceDate "2016.01.08"]

1. d4 Nf6 2. Nf3 c5 3. c4 cxd4 4. Nxd4 e5 5. Nf3 Nc6 6. Nc3 Bb4 7. Bd2 e4 8.
Ng5 Qe7 9. e3 O-O 10. Nh3 d5 11. cxd5 Bxh3 12. dxc6 Bf5 13. cxb7 Qxb7 14. Be2
Rfd8 15. Qc2 Rdc8 16. O-O Rab8 17. Rab1 Bd6 18. Rfc1 Qc7 19. g3 h5 20. Qd1 Qd7
21. Be1 Rd8 22. Qa4 Qe7 23. Qa5 g6 24. Nb5 Be5 25. Nxa7 Rd5 26. Nc6 Qb7 27. Qa6
Ng4 28. Qxb7 Rxb7 29. h3 Nh6 30. Bc4 Rc5 31. Bxf7+ Nxf7 32. Rxc5 Be6 33. h4 Kg7
34. Bc3 Bxc3 35. Rxc3 g5 36. hxg5 Rd7 37. Nd4 Bg4 38. Rbc1 Ra7 39. a4 1-0

[Event "41 Abierto Ciudad de Sevilla 2016"]
[Site "Sevilla ESP"]
[Date "2016.01.10"]
[Round "3.8"]
[White "Hernandez Muã<->oz, Antonio Ramon"]
[Black "Campora Sivori, Daniel"]
[Result "1-0"]
[WhiteElo "2154"]
[BlackElo "2466"]
[PlyCount "79"]
[EventDate "2016.01.08"]
[EventType "swiss"]
[EventRounds "9"]
[EventCountry "ESP"]
[Source "lmi"]
[SourceDate "2016.01.08"]

1. d4 Nf6 2. Nf3 b5 3. Qd3 Ba6 4. e4 e6 5. Bg5 c5 6. e5 Qa5+ 7. b4 Qxb4+ 8. c3
Qb2 9. exf6 Qxa1 10. Qc2 Nc6 11. Be2 cxd4 12. O-O Rc8 13. Qb3 Rg8 14. Bd2 Na5
15. Qc2 gxf6 16. Na3 Qxf1+ 17. Bxf1 Bxa3 18. Qxh7 Ke7 19. Nxd4 Nc4 20. Bf4 d5
21. Nc6+ Rxc6 22. Qxg8 e5 23. Qa8 Rc7 24. Bh6 Ke6 25. g3 Be7 26. Bh3+ f5 27. g4
Bc8 28. gxf5+ Kd6 29. f6 Bxh3 30. fxe7 Kxe7 31. Bf8+ Kd7 32. Qxd5+ Ke8 33. Bb4
a6 34. Qa8+ Bc8 35. h4 f6 36. Kh2 Kf7 37. h5 Kg7 38. Qg2+ Kf7 39. Qg6+ Ke6 40.
h6 1-0

[Event "41 Abierto Ciudad de Sevilla 2016"]
[Site "Sevilla ESP"]
[Date "2016.01.10"]
[Round "3.9"]
[White "Van Hoolandt, Patrick"]
[Black "Perez Mitjans, Orelvis"]
[Result "0-1"]
[WhiteElo "2140"]
[BlackElo "2455"]
[PlyCount "76"]
[EventDate "2016.01.08"]
[EventType "swiss"]
[EventRounds "9"]
[EventCountry "ESP"]
[Source "lmi"]
[SourceDate "2016.01.08"]

1. d4 d5 2. c4 Nc6 3. cxd5 Qxd5 4. e3 e5 5. Nc3 Bb4 6. Bd2 Bxc3 7. Bxc3 exd4 8.
Ne2 Nf6 9. Nxd4 O-O 10. Be2 Qxg2 11. Bf3 Qg6 12. Nxc6 bxc6 13. Qd4 Be6 14.
O-O-O c5 15. Qa4 Rab8 16. Rhg1 Qh6 17. Rg3 Ne8 18. Bxg7 Nxg7 19. Rdg1 Kh8 20.
Rxg7 Rg8 21. Rxg8+ Rxg8 22. Rxg8+ Kxg8 23. Qxa7 Qxh2 24. Qxc5 h6 25. e4 Qf4+
26. Qe3 Qxe3+ 27. fxe3 Bxa2 28. Kc2 Be6 29. Kc3 Kg7 30. Kd4 Kg6 31. b4 h5 32.
Kc5 Bd7 33. Kd5 h4 34. Kd4 h3 35. Kd3 Kg5 36. Kd2 Kh4 37. Ke1 Kg3 38. Bh1 h2
0-1

[Event "41 Abierto Ciudad de Sevilla 2016"]
[Site "Sevilla ESP"]
[Date "2016.01.10"]
[Round "3.10"]
[White "Paunovic, Dragan"]
[Black "Romero Romero, Sebastian"]
[Result "1-0"]
[WhiteElo "2432"]
[BlackElo "2138"]
[PlyCount "67"]
[EventDate "2016.01.08"]
[EventType "swiss"]
[EventRounds "9"]
[EventCountry "ESP"]
[Source "lmi"]
[SourceDate "2016.01.08"]

1. c4 e6 2. Nf3 Nf6 3. g3 b6 4. Bg2 Bb7 5. O-O c5 6. Nc3 Be7 7. Re1 d6 8. e4
Nbd7 9. d4 cxd4 10. Nxd4 Qc7 11. Be3 a6 12. Rc1 Rc8 13. f4 g6 14. b3 Qb8 15.
Qe2 Qa8 16. Bf2 O-O 17. g4 e5 18. Nd5 Rfe8 19. fxe5 dxe5 20. Nxe7+ Rxe7 21. Nc2
Re6 22. Nb4 a5 23. Nd5 Bxd5 24. exd5 Ree8 25. Bh4 Qb8 26. Rf1 Qd6 27. Qf2 Nxg4
28. Qxf7+ Kh8 29. Bh3 Rf8 30. Qe6 Qc5+ 31. Kh1 Ne3 32. Be7 Qd4 33. Bf6+ Nxf6
34. Rxf6 1-0